[Event "Madrid ch - Previa A"]
[Site "Madrid ESP"]
[Date "2008.11.03"]
[Round "1.1"]
[White "Garcia Lopez, Pedro"]
[Black "Martin Martin, Luis Vicente"]
[Result "0-1"]
[WhiteElo "1839"]
[BlackElo "2085"]
[PlyCount "102"]
[EventDate "2008.11.03"]
[EventRounds "9"]
[EventCountry "ESP"]
[Source "lmi"]
[SourceDate "2008.11.03"]

1. e4 c5 2. Nf3 b6 3. d4 cxd4 4. Nxd4 Bb7 5. Bd3 g6 6. O-O Bg7 7. c3 a6 8. Be3
Qc7 9. Nd2 d6 10. f4 Nd7 11. N4b3 Ngf6 12. Qe2 O-O 13. Rac1 Nc5 14. Nxc5 bxc5
15. b4 Nd7 16. a3 Rfc8 17. Nc4 Nf6 18. Bd2 d5 19. exd5 Bxd5 20. Ne3 Bb7 21. f5
Rd8 22. fxg6 hxg6 23. Bc4 Qc6 24. Ng4 Qxg2+ 25. Qxg2 Bxg2 26. Nxf6+ Bxf6 27.
Rf2 Bd5 28. Bf1 Bh4 29. Rf4 g5 30. Rxh4 gxh4 31. Bg5 f6 32. Bxh4 cxb4 33. axb4
Rdc8 34. Bf2 a5 35. bxa5 Rxa5 36. c4 Ra4 37. Be2 Bxc4 38. Bd1 Raa8 39. Bg4 f5
40. Bxf5 e6 41. Rxc4 exf5 42. Rxc8+ Rxc8 43. Bg3 Rc2 44. Kf1 Kf7 45. Ke1 Kg6
46. h4 Kh5 47. Kf1 Kg4 48. Bf2 Kf3 49. Be1 Rc1 50. h5 f4 51. h6 Rc6 0-1

[Event "Madrid ch - Previa A"]
[Site "Madrid ESP"]
[Date "2008.11.03"]
[Round "1.2"]
[White "Garcia Gutierrez, Jose"]
[Black "Canseco Arenas, Alfonso"]
[Result "1-0"]
[WhiteElo "2059"]
[BlackElo "1822"]
[PlyCount "47"]
[EventDate "2008.11.03"]
[EventRounds "9"]
[EventCountry "ESP"]
[Source "lmi"]
[SourceDate "2008.11.03"]

1. e4 c5 2. d4 cxd4 3. c3 dxc3 4. Nxc3 Nc6 5. Nf3 g6 6. Bc4 Bg7 7. e5 e6 8. Bf4
Qa5 9. O-O Nxe5 10. Bxe5 Bxe5 11. Nb5 Bg7 12. Qd6 Kd8 13. Rad1 Qb6 14. Qf4 Nh6
15. Rd6 Qc5 16. Rfd1 Nf5 17. b4 Qxb4 18. Rxd7+ Bxd7 19. Qc7+ Ke8 20. Rxd7 Rf8
21. g4 a6 22. gxf5 axb5 23. Bxb5 Bf6 24. Re7# 1-0

[Event "Madrid ch - Previa A"]
[Site "Madrid ESP"]
[Date "2008.11.03"]
[Round "1.3"]
[White "Corredor Gonzalez, Angel L"]
[Black "Cortes Jurado, Rafael"]
[Result "0-1"]
[WhiteElo "1817"]
[BlackElo "2054"]
[PlyCount "86"]
[EventDate "2008.11.03"]
[EventRounds "9"]
[EventCountry "ESP"]
[Source "lmi"]
[SourceDate "2008.11.03"]

1. e4 c5 2. Nf3 e6 3. d4 cxd4 4. Nxd4 Nc6 5. Be3 Qc7 6. Be2 Nf6 7. Nc3 a6 8.
O-O b5 9. Nxc6 dxc6 10. f4 Bb7 11. Bf3 Be7 12. Qe2 O-O 13. g4 c5 14. Qg2 c4 15.
g5 Nd7 16. e5 Bxf3 17. Qxf3 Bc5 18. Ne4 Bxe3+ 19. Qxe3 Nb6 20. c3 Rad8 21. Nd6
Nd5 22. Qd4 Ne7 23. Rad1 Nf5 24. Qd2 Rd7 25. b3 cxb3 26. axb3 Rfd8 27. Qf2 Qxc3
28. Ne4 Qe3 29. Rxd7 Rxd7 30. Nc5 Qxf2+ 31. Rxf2 Rd1+ 32. Kg2 Rc1 33. Nxa6 Ne3+
34. Kg3 Rc3 35. Rf3 Rxb3 36. Nc5 Nf5+ 37. Kg4 Rb1 38. Ne4 b4 39. Rd3 h5+ 40.
Kxh5 b3 41. g6 fxg6+ 42. Kxg6 Ne7+ 43. Kg5 Nd5 0-1

[Event "Madrid ch - Previa A"]
[Site "Madrid ESP"]
[Date "2008.11.03"]
[Round "1.4"]
[White "Gabriel y Galan Acevedo, Jesus"]
[Black "Del Castillo Lopez, Rafael"]
[Result "1-0"]
[WhiteElo "2033"]
[BlackElo "1815"]
[PlyCount "83"]
[EventDate "2008.11.03"]
[EventRounds "9"]
[EventCountry "ESP"]
[Source "lmi"]
[SourceDate "2008.11.03"]

1. d4 Nf6 2. c4 e6 3. g3 Bb4+ 4. Bd2 c5 5. Nf3 O-O 6. a3 Bxd2+ 7. Nbxd2 cxd4 8.
Nxd4 d5 9. Bg2 Nc6 10. Nxc6 bxc6 11. O-O Rb8 12. Qc2 Ba6 13. b4 Bb7 14. Rfd1
Qe7 15. Nb3 Ba6 16. Na5 Bb7 17. Rac1 Rfc8 18. Qa4 Nd7 19. Nb3 a6 20. c5 f5 21.
Na5 Nf6 22. f3 e5 23. e4 fxe4 24. fxe4 d4 25. Rf1 Qc7 26. Rf5 Rf8 27. Nc4 Nd7
28. Nd6 h6 29. Rcf1 Rf6 30. Qb3+ Kh7 31. Rxf6 Nxf6 32. Qe6 a5 33. Qxe5 axb4 34.
axb4 Ba6 35. Ra1 Rxb4 36. Rxa6 Rb1+ 37. Bf1 d3 38. Qf5+ Kg8 39. Ra8+ Rb8 40.
Rxb8+ Qxb8 41. Bxd3 Qa7 42. Qc8+ 1-0

[Event "Madrid ch - Previa A"]
[Site "Madrid ESP"]
[Date "2008.11.03"]
[Round "1.5"]
[White "Galan Aguado, Fernando"]
[Black "Tejedor Ariza, Francisco"]
[Result "1/2-1/2"]
[WhiteElo "1811"]
[BlackElo "2031"]
[PlyCount "47"]
[EventDate "2008.11.03"]
[EventRounds "9"]
[EventCountry "ESP"]
[Source "lmi"]
[SourceDate "2008.11.03"]

1. d4 d5 2. Nf3 Nf6 3. Nbd2 e6 4. e3 Nbd7 5. Bd3 b6 6. b3 Bb7 7. Bb2 Be7 8. O-O
O-O 9. Ne5 Ne4 10. c4 c5 11. Qc2 Nxd2 12. Nxd7 Qxd7 13. Qxd2 dxc4 14. bxc4 cxd4
15. exd4 Bf6 16. Rad1 Rfd8 17. Rfe1 Rac8 18. Qc2 g6 19. d5 Bxb2 20. dxe6 Qc6
21. exf7+ Kxf7 22. Be4 Rxd1 23. Qxd1 Qc7 24. Qf3+ 1/2-1/2

[Event "Madrid ch - Previa A"]
[Site "Madrid ESP"]
[Date "2008.11.03"]
[Round "1.6"]
[White "Andalon Gomez, Carlos J"]
[Black "Martinez Miura, Enrique"]
[Result "1-0"]
[WhiteElo "2012"]
[BlackElo "1779"]
[PlyCount "83"]
[EventDate "2008.11.03"]
[EventRounds "9"]
[EventCountry "ESP"]
[Source "lmi"]
[SourceDate "2008.11.03"]

1. d4 e6 2. c4 d5 3. Nc3 Nf6 4. Bg5 Be7 5. e3 O-O 6. Bd3 c6 7. Nge2 Nbd7 8. O-O
Nh5 9. Bxe7 Qxe7 10. Qc2 g6 11. e4 dxe4 12. Nxe4 Nhf6 13. f4 Nxe4 14. Bxe4 Nf6
15. Nc3 Bd7 16. Rae1 Rac8 17. Kh1 Qd6 18. Qd2 Rfd8 19. Bf3 Be8 20. Rd1 Rd7 21.
a3 Rcd8 22. Qe3 Qc7 23. g4 Kg7 24. g5 Ng8 25. Rd2 Ne7 26. Bg4 Nf5 27. Bxf5 exf5
28. Re1 Rd6 29. Qe5+ Kg8 30. d5 cxd5 31. cxd5 Qc4 32. Qd4 Qa6 33. Qb4 b6 34.
Rde2 Qd3 35. Rxe8+ Rxe8 36. Rxe8+ Kg7 37. Re2 Rxd5 38. Nxd5 Qxe2 39. Qd4+ Kg8
40. Nf6+ Kg7 41. Nh5+ Kf8 42. Qd8+ 1-0

[Event "Madrid ch - Previa A"]
[Site "Madrid ESP"]
[Date "2008.11.03"]
[Round "1.7"]
[White "Benitez Cadenas, Luis Miguel"]
[Black "Perez Cameselle, Francisco Jose"]
[Result "1-0"]
[WhiteElo "1762"]
[BlackElo "2010"]
[PlyCount "85"]
[EventDate "2008.11.03"]
[EventRounds "9"]
[EventCountry "ESP"]
[Source "lmi"]
[SourceDate "2008.11.03"]

1. d4 Nf6 2. Nc3 g6 3. Bg5 Bg7 4. e4 h6 5. Bxf6 Bxf6 6. e5 Bg7 7. f4 d6 8. Bd3
dxe5 9. dxe5 Nc6 10. Nf3 O-O 11. Qe2 Nd4 12. Qf2 Nxf3+ 13. gxf3 c6 14. O-O-O
Qb6 15. Qg3 Kh8 16. Rde1 Be6 17. h4 Rad8 18. h5 Bf5 19. hxg6 fxg6 20. Bxf5 gxf5
21. Qg6 c5 22. Qxb6 axb6 23. Rd1 e6 24. Na4 Rd4 25. Rxd4 cxd4 26. Nxb6 Rd8 27.
a4 Bf8 28. a5 Kh7 29. Rd1 h5 30. c3 d3 31. Rh1 Kg6 32. Rg1+ Kh7 33. Rg5 Kh6 34.
b4 d2+ 35. Kd1 Rd3 36. Rg8 Be7 37. Re8 Bh4 38. Rxe6+ Kg7 39. Rd6 Rxc3 40. Kxd2
Rxf3 41. Rd7+ Kf8 42. Rxb7 Rxf4 43. a6 1-0

[Event "Madrid ch - Previa A"]
[Site "Madrid ESP"]
[Date "2008.11.03"]
[Round "1.8"]
[White "Lopez Heras, Arturo"]
[Black "Romero Jaime, Pedro"]
[Result "1-0"]
[WhiteElo "1988"]
[BlackElo "1743"]
[PlyCount "58"]
[EventDate "2008.11.03"]
[EventRounds "9"]
[EventCountry "ESP"]
[Source "lmi"]
[SourceDate "2008.11.03"]

1. e4 c5 2. Nf3 d6 3. d4 cxd4 4. Nxd4 Nf6 5. Nc3 a6 6. g3 e5 7. Nde2 Bg4 8. Bg2
Be7 9. O-O Qd7 10. Bg5 Bh3 11. Bxf6 gxf6 12. Nd5 Bd8 13. Nec3 Nc6 14. Qf3 Bxg2
15. Nxf6+ Bxf6 16. Qxf6 Qh3 17. Qxh8+ Kd7 18. Qf6 Nd4 19. Qxf7+ Kd8 20. f3 Bxf1
21. Rxf1 Rc8 22. Rf2 Rc7 23. Qf8+ Kd7 24. Nd5 Qe6 25. c3 Rc6 26. cxd4 exd4 27.
Qg7+ Kd8 28. Qxd4 Qg8 29. Qf6+ Kc8 1-0

[Event "Madrid ch - Previa A"]
[Site "Madrid ESP"]
[Date "2008.11.03"]
[Round "1.9"]
[White "Bascuñana Gonzalez, Sergio"]
[Black "Martin Mazuelo, Miguel Angel"]
[Result "0-1"]
[WhiteElo "1702"]
[BlackElo "1984"]
[PlyCount "118"]
[EventDate "2008.11.03"]
[EventRounds "9"]
[EventCountry "ESP"]
[Source "lmi"]
[SourceDate "2008.11.03"]

1. e4 c5 2. Nf3 e6 3. d3 Nc6 4. g3 d5 5. Nbd2 Nf6 6. Bg2 Be7 7. O-O b6 8. Re1
Bb7 9. c3 Qc7 10. e5 Nd7 11. d4 cxd4 12. cxd4 Nb4 13. Re3 Rc8 14. Rc3 Qb8 15.
Qb3 O-O 16. Nf1 Rxc3 17. bxc3 Nc6 18. Qc2 f6 19. Bh3 f5 20. Ng5 Bxg5 21. Bxg5
Ba6 22. Qa4 Qb7 23. Qa3 h6 24. Bd2 Bxf1 25. Bxf1 Ndb8 26. Rb1 Qf7 27. Qa4 f4
28. Bxf4 Qg6 29. Qd1 Rxf4 30. Bd3 Qg5 31. h4 Rxh4 32. Qf3 Qh5 33. Qg2 Rg4 34.
Be2 Qg6 35. Rd1 Rg5 36. Bd3 Qf7 37. f4 Rf5 38. Qf3 Ne7 39. Rf1 g5 40. Bxf5 Qxf5
41. Qh5 Qg6 42. Qf3 g4 43. Qe2 Nf5 44. Kg2 Qg7 45. Rh1 Nc6 46. Kf2 Na5 47. Qb5
Kh7 48. Qe2 Nc4 49. Rh5 Qg6 50. Rh1 Nfe3 51. Rh4 Qe4 52. Rh2 Kg6 53. a3 h5 54.
a4 a5 55. Kg1 Qb1+ 56. Kf2 Nd1+ 57. Kg1 Nxc3+ 58. Qf1 Qe4 59. f5+ exf5 0-1

[Event "Madrid ch - Previa A"]
[Site "Madrid ESP"]
[Date "2008.11.03"]
[Round "1.10"]
[White "Osorio Ramos, Francisco"]
[Black "Rodriguez Lopez-Cañizares, Francisco"]
[Result "1-0"]
[WhiteElo "1960"]
[BlackElo "1692"]
[PlyCount "65"]
[EventDate "2008.11.03"]
[EventRounds "9"]
[EventCountry "ESP"]
[Source "lmi"]
[SourceDate "2008.11.03"]

1. d4 d5 2. c4 Nf6 3. Nc3 e6 4. Nf3 c6 5. Bg5 Nbd7 6. e3 Qb6 7. Qc2 c5 8. Bd3
Be7 9. O-O a6 10. Rac1 Qd8 11. Rfd1 Nf8 12. dxc5 dxc4 13. Bxc4 Bd7 14. b4 Rc8
15. Bxf6 gxf6 16. Ne4 Qc7 17. Nd6+ Bxd6 18. Rxd6 Rg8 19. Nd4 Rd8 20. Rd1 Rg5
21. f4 Rg6 22. Bd3 Rh6 23. Be4 Rh5 24. Bf3 Rh6 25. Nb3 Rg6 26. Na5 b5 27. c6 f5
28. cxd7+ Rxd7 29. Qxc7 Rxc7 30. Nc6 Rd7 31. Rxd7 Nxd7 32. Ne5 Nxe5 33. fxe5
1-0

[Event "Madrid ch - Previa A"]
[Site "Madrid ESP"]
[Date "2008.11.03"]
[Round "1.11"]
[White "Cortijo Manso, Luis"]
[Black "Beekhof Harmsen, Willen"]
[Result "0-1"]
[WhiteElo "1689"]
[BlackElo "1958"]
[PlyCount "108"]
[EventDate "2008.11.03"]
[EventRounds "9"]
[EventCountry "ESP"]
[Source "lmi"]
[SourceDate "2008.11.03"]

1. e4 d6 2. d4 Nf6 3. Nc3 g6 4. Nf3 Bg7 5. Be2 c6 6. a4 Bg4 7. h3 Bxf3 8. Bxf3
Qc7 9. Be3 O-O 10. O-O Nbd7 11. Qc1 Rfe8 12. Rb1 a6 13. Ne2 b5 14. axb5 axb5
15. c3 Ra2 16. Qd2 Rea8 17. Nc1 R2a6 18. Nd3 Nb6 19. b3 Nfd7 20. Nb4 Ra5 21.
Qb2 c5 22. Nc2 Ra2 23. Qc1 Rxc2 24. Qxc2 cxd4 25. Bd2 dxc3 26. Be3 b4 27. Ra1
Rxa1 28. Rxa1 Ne5 29. Be2 h6 30. Ra6 Ned7 31. Bg4 Nc5 32. Ra1 e6 33. f4 d5 34.
e5 Ne4 35. Ra6 Nc5 36. Ra5 Nbd7 37. Ra8+ Kh7 38. h4 Ne4 39. h5 Ndc5 40. hxg6+
Kxg6 41. Bf3 f5 42. exf6 Bxf6 43. Rg8+ Kf7 44. Ra8 Kg7 45. Bg4 d4 46. Bxe6 dxe3
47. Rg8+ Kh7 48. Rc8 Qxf4 49. Rxc5 Qf2+ 50. Qxf2 exf2+ 51. Kf1 Nxc5 52. Bf5+
Kg7 53. Bc2 Bd4 54. Bd1 Ne4 0-1

[Event "Madrid ch - Previa A"]
[Site "Madrid ESP"]
[Date "2008.11.03"]
[Round "1.12"]
[White "Fernandez Aransay, Fernando"]
[Black "Suarez Mencia, Roberto"]
[Result "1-0"]
[WhiteElo "1958"]
[BlackElo "1658"]
[PlyCount "71"]
[EventDate "2008.11.03"]
[EventRounds "9"]
[EventCountry "ESP"]
[Source "lmi"]
[SourceDate "2008.11.03"]

1. e4 c5 2. Nf3 Nc6 3. Bb5 a6 4. Bxc6 bxc6 5. O-O d6 6. Nc3 e5 7. h3 Nf6 8. d3
h6 9. a4 Be6 10. b3 Qc8 11. Kh2 Be7 12. Ng1 g5 13. f3 Nh5 14. a5 Nf4 15. Na4
Bd8 16. Bd2 h5 17. Bxf4 gxf4 18. Nb6 Bxb6 19. axb6 Qb7 20. Ne2 Qxb6 21. Qd2 Qd8
22. Ra4 h4 23. Qc3 Rg8 24. b4 cxb4 25. Rxb4 c5 26. Rb7 Bc8 27. Rb2 a5 28. Qe1
a4 29. c3 a3 30. Ra2 d5 31. exd5 Qxd5 32. Ra1 Qxd3 33. Nxf4 Qd6 34. Rd1 Qb8 35.
Qxh4 Qb2 36. Rd8# 1-0

[Event "Madrid ch - Previa A"]
[Site "Madrid ESP"]
[Date "2008.11.03"]
[Round "1.13"]
[White "Poblador Dieguez, Alfredo"]
[Black "Pardo Robles, Jose M"]
[Result "0-1"]
[WhiteElo "1654"]
[BlackElo "1941"]
[PlyCount "118"]
[EventDate "2008.11.03"]
[EventRounds "9"]
[EventCountry "ESP"]
[Source "lmi"]
[SourceDate "2008.11.03"]

1. d4 Nf6 2. c4 g6 3. Nc3 Bg7 4. e4 d6 5. Be3 O-O 6. Qd2 e5 7. d5 a5 8. Bh6 Na6
9. Bxg7 Kxg7 10. f3 Nc5 11. g4 Bxg4 12. h4 Bh5 13. O-O-O Qe7 14. Be2 a4 15. Rf1
Rfe8 16. Bd1 c6 17. Nge2 cxd5 18. Nxd5 Nxd5 19. cxd5 Rec8 20. Kb1 Nd7 21. Ng3
Nf6 22. Qg5 Kh8 23. Nxh5 gxh5 24. Qf5 b5 25. f4 Rc4 26. Bc2 Rac8 27. Bd3 R4c7
28. fxe5 Ng4 29. exd6 Qxd6 30. e5 Qg6 31. Qxc8+ Rxc8 32. Bxg6 hxg6 33. Rxf7
Nxe5 34. Re7 Nc4 35. Rd1 Rd8 36. Rd3 Nd6 37. Re5 Kh7 38. Rc3 Nf5 39. Rd3 Nxh4
40. d6 Nf5 41. d7 Ng7 42. Rxb5 Ne6 43. Rd6 Nf8 44. Rc5 Kh6 45. Rcd5 h4 46. Rd4
Kh5 47. R4d5+ g5 48. Kc2 h3 49. Rd3 g4 50. R6d5+ Kh4 51. Rd6 Rxd7 52. Rxd7 Nxd7
53. Rxd7 g3 54. Rh7+ Kg4 55. Rg7+ Kf3 56. Rf7+ Kg2 57. Rd7 h2 58. Rd2+ Kh3 59.
Rd1 g2 0-1

[Event "Madrid ch - Previa A"]
[Site "Madrid ESP"]
[Date "2008.11.03"]
[Round "1.14"]
[White "Boni De Aristizabal, Marco"]
[Black "Arias De Reina Martinez, Francisco"]
[Result "1-0"]
[WhiteElo "1934"]
[BlackElo "1621"]
[PlyCount "31"]
[EventDate "2008.11.03"]
[EventRounds "9"]
[EventCountry "ESP"]
[Source "lmi"]
[SourceDate "2008.11.03"]

1. e4 c5 2. c3 Nf6 3. e5 Nd5 4. d4 cxd4 5. cxd4 g6 6. Nf3 Bg7 7. Bc4 Nb6 8. Bb3
d5 9. O-O Nc6 10. h3 Bf5 11. Nc3 O-O 12. Re1 Rc8 13. g4 Bd7 14. Nxd5 Nxd5 15.
Bxd5 Bxg4 16. Bxc6 1-0

[Event "Madrid ch - Previa A"]
[Site "Madrid ESP"]
[Date "2008.11.03"]
[Round "1.15"]
[White "Zamora Pastora, Roger"]
[Black "Garcia Gonzalez, Pedro"]
[Result "0-1"]
[WhiteElo "1620"]
[BlackElo "1919"]
[PlyCount "56"]
[EventDate "2008.11.03"]
[EventRounds "9"]
[EventCountry "ESP"]
[Source "lmi"]
[SourceDate "2008.11.03"]

1. c4 f5 2. e4 fxe4 3. Nc3 Nf6 4. Nge2 e6 5. Ng3 d5 6. b3 c6 7. Be2 Bc5 8. O-O
O-O 9. h3 Qd6 10. cxd5 Qxg3 11. Qe1 exd5 12. Kh1 Qh4 13. f4 Qxe1 14. Rxe1 Na6
15. a3 Nc7 16. Rb1 Ne6 17. d3 exd3 18. Bxd3 Nh5 19. b4 Bf2 20. Rd1 Nexf4 21.
Bxf4 Nxf4 22. Bf1 Bf5 23. Rb2 Bg3 24. Ne2 Nxe2 25. Bxe2 Rae8 26. b5 Be4 27. Rf1
Rxf1+ 28. Bxf1 Rf8 0-1

[Event "Madrid ch - Previa A"]
[Site "Madrid ESP"]
[Date "2008.11.03"]
[Round "1.16"]
[White "Ortega Morales, Pedro"]
[Black "Manzano Molina, Daniel"]
[Result "1/2-1/2"]
[WhiteElo "1911"]
[BlackElo "1608"]
[PlyCount "80"]
[EventDate "2008.11.03"]
[EventRounds "9"]
[EventCountry "ESP"]
[Source "lmi"]
[SourceDate "2008.11.03"]

1. d4 Nf6 2. Bf4 d6 3. e3 a6 4. Nd2 g6 5. Ngf3 Bg7 6. h3 O-O 7. Be2 Nbd7 8. O-O
c5 9. c3 b6 10. Bh2 Bb7 11. Re1 b5 12. a4 c4 13. Qc2 Nb6 14. axb5 axb5 15. b3
Qd7 16. bxc4 Nxc4 17. Bxc4 bxc4 18. e4 Rxa1 19. Rxa1 Ra8 20. Rxa8+ Bxa8 21. Qa2
Qb7 22. e5 Ne4 23. Nxe4 Qxe4 24. exd6 exd6 25. Bxd6 Bd5 26. Qb2 Qe8 27. Qb8
Qxb8 28. Bxb8 Bxf3 29. gxf3 f5 30. Kf1 Kf7 31. Ke2 Ke6 32. Ke3 Kd5 33. h4 h5
34. Bc7 Bh6+ 35. Bf4 Bf8 36. Bg3 Bh6+ 37. f4 Bf8 38. f3 Ba3 39. Kd2 Bd6 40. Kc2
Be7 1/2-1/2

[Event "Madrid ch - Previa A"]
[Site "Madrid ESP"]
[Date "2008.11.03"]
[Round "1.17"]
[White "Aburto Renovales, Rafael"]
[Black "Ruiz Quevedo, Andres"]
[Result "0-1"]
[WhiteElo "1530"]
[BlackElo "1903"]
[PlyCount "80"]
[EventDate "2008.11.03"]
[EventRounds "9"]
[EventCountry "ESP"]
[Source "lmi"]
[SourceDate "2008.11.03"]

1. d4 Nf6 2. c4 e6 3. Nf3 Bb4+ 4. Nc3 O-O 5. Qc2 c5 6. e3 b6 7. Be2 Bb7 8. a3
Be4 9. Qd2 Bxc3 10. Qxc3 Nc6 11. O-O a5 12. b3 Rc8 13. Bb2 Ne7 14. Rad1 Qc7 15.
Qd2 Qb7 16. Kh1 d6 17. Qe1 Bc2 18. Rd2 Bxb3 19. d5 Ne4 20. Bxg7 Kxg7 21. Rb2 a4
22. Bd3 exd5 23. Nd2 Nxd2 24. Qxd2 Kg8 25. Qe2 Ng6 26. f4 Bxc4 27. Bxc4 dxc4
28. f5 Ne5 29. Qh5 f6 30. Rf4 Qf7 31. Qxf7+ Rxf7 32. Rxb6 Rd7 33. Rf1 Rc6 34.
Rb8+ Kg7 35. Rf4 c3 36. Rf2 d5 37. Rc2 d4 38. exd4 cxd4 39. Rb1 d3 40. Rf2 c2
0-1

[Event "Madrid ch - Previa A"]
[Site "Madrid ESP"]
[Date "2008.11.03"]
[Round "1.18"]
[White "Baeza Escudero, Javier"]
[Black "Marcelo De La Mata, Daniel"]
[Result "1-0"]
[WhiteElo "1901"]
[BlackElo "1507"]
[PlyCount "75"]
[EventDate "2008.11.03"]
[EventRounds "9"]
[EventCountry "ESP"]
[Source "lmi"]
[SourceDate "2008.11.03"]

1. e4 c5 2. Nf3 Nc6 3. d4 cxd4 4. Nxd4 Nf6 5. Nc3 e5 6. Ndb5 d6 7. Bg5 a6 8.
Na3 b5 9. Bxf6 gxf6 10. Nd5 Bg7 11. c3 Ne7 12. Nxe7 Qxe7 13. Nc2 f5 14. Bd3
fxe4 15. Bxe4 Bb7 16. Qf3 Bxe4 17. Qxe4 O-O 18. a4 Rac8 19. O-O Rc4 20. Qe2 f5
21. axb5 axb5 22. Ra5 e4 23. Rxb5 Ra4 24. Rb4 Ra5 25. Nd4 Bxd4 26. Rxd4 Rf6 27.
Rfd1 Kg7 28. g3 Re5 29. Rd5 f4 30. Qg4+ Rg6 31. Qxf4 Ree6 32. Qe3 Qh4 33. Ra1
Kf7 34. Rf5+ Ref6 35. Ra7+ Ke6 36. Rxf6+ Kxf6 37. Qd4+ Ke6 38. Qc4+ 1-0

[Event "Madrid ch - Previa A"]
[Site "Madrid ESP"]
[Date "2008.11.04"]
[Round "2.1"]
[White "Martin Martin, Luis Vicente"]
[Black "Boni De Aristizabal, Marco"]
[Result "1-0"]
[WhiteElo "2085"]
[BlackElo "1934"]
[PlyCount "127"]
[EventDate "2008.11.03"]
[EventRounds "9"]
[EventCountry "ESP"]
[Source "lmi"]
[SourceDate "2008.11.03"]

1. d4 f5 2. g3 Nf6 3. Bg2 e6 4. Nf3 c6 5. O-O d5 6. Nbd2 Bd6 7. c3 O-O 8. Ne5
Bd7 9. Nd3 Qe7 10. f3 Be8 11. e4 fxe4 12. fxe4 dxe4 13. Nxe4 Nxe4 14. Rxf8+
Qxf8 15. Bxe4 Qf6 16. Qe2 Bg6 17. Bxg6 Qxg6 18. Bf4 Bf8 19. Re1 Nd7 20. Qxe6+
Qxe6 21. Rxe6 Kf7 22. Re2 Nb6 23. Bg5 Re8 24. Ne5+ Kg8 25. Kf2 c5 26. Nf3 Rxe2+
27. Kxe2 Na4 28. Bc1 Bd6 29. Kd3 cxd4 30. Nxd4 a6 31. b3 Nb6 32. c4 Kf7 33. Ke4
g6 34. Be3 Nd7 35. Nf3 Nf6+ 36. Kd3 h5 37. Ng5+ Ke7 38. Ne4 Nxe4 39. Kxe4 Ke6
40. Bf4 Bc5 41. h3 Be7 42. Be5 Bc5 43. g4 hxg4 44. hxg4 Be7 45. Bc3 Bd6 46. b4
Be7 47. a4 Bd6 48. c5 Be7 49. Bd4 Bd8 50. b5 axb5 51. axb5 Be7 52. c6 bxc6 53.
bxc6 Kd6 54. Bc5+ Kxc6 55. Bxe7 Kd7 56. Bf6 Ke6 57. Be5 Kf7 58. Kd5 Ke7 59. Bd4
Kf7 60. Kd6 Kg8 61. Ke7 Kh7 62. Kf7 Kh6 63. Be3+ Kh7 64. g5 1-0

[Event "Madrid ch - Previa A"]
[Site "Madrid ESP"]
[Date "2008.11.04"]
[Round "2.2"]
[White "Garcia Gonzalez, Pedro"]
[Black "Garcia Gutierrez, Jose"]
[Result "0-1"]
[WhiteElo "1919"]
[BlackElo "2059"]
[PlyCount "84"]
[EventDate "2008.11.03"]
[EventRounds "9"]
[EventCountry "ESP"]
[Source "lmi"]
[SourceDate "2008.11.03"]

1. d4 d5 2. Nf3 c6 3. e3 Nf6 4. Bd3 Bg4 5. c4 Nbd7 6. Qb3 Bxf3 7. gxf3 Qc7 8.
cxd5 cxd5 9. Nc3 e6 10. Bd2 Rc8 11. O-O Be7 12. Rac1 Qb8 13. f4 O-O 14. Kh1 a6
15. Rg1 b5 16. Ne2 Nb6 17. Rcf1 Nc4 18. Bc1 Ne4 19. Qd1 f5 20. Ng3 g6 21. f3
Nf6 22. e4 dxe4 23. fxe4 Kh8 24. b3 Nb6 25. exf5 exf5 26. h3 Qb7+ 27. Kh2 Qd5
28. Bb2 Bb4 29. Bb1 Bc3 30. Rg2 Rfd8 31. Bxc3 Rxc3 32. Ne2 Re3 33. Qd2 Rde8 34.
Bd3 Nh5 35. Rgf2 Nd7 36. Rc1 Rf3 37. Rcf1 Rfe3 38. Rc1 Qd6 39. Rc2 Qe7 40. Ng1
Qh4 41. Rf3 Rxf3 42. Nxf3 Qg3+ 0-1

[Event "Madrid ch - Previa A"]
[Site "Madrid ESP"]
[Date "2008.11.04"]
[Round "2.3"]
[White "Cortes Jurado, Rafael"]
[Black "Baeza Escudero, Javier"]
[Result "1/2-1/2"]
[WhiteElo "2054"]
[BlackElo "1901"]
[PlyCount "107"]
[EventDate "2008.11.03"]
[EventRounds "9"]
[EventCountry "ESP"]
[Source "lmi"]
[SourceDate "2008.11.03"]

1. e4 e5 2. Nf3 Nc6 3. Bb5 a6 4. Ba4 Nf6 5. O-O Be7 6. Re1 b5 7. Bb3 O-O 8. c3
d6 9. h3 Na5 10. Bc2 c5 11. d4 Qc7 12. Nbd2 exd4 13. cxd4 cxd4 14. Nxd4 Rd8 15.
a4 bxa4 16. Ra3 d5 17. Rc3 Qb6 18. Nf5 Bc5 19. Qf3 Bb4 20. Rd3 Bb7 21. e5 Ne4
22. Nxe4 dxe4 23. Qg3 Qg6 24. Rxd8+ Rxd8 25. Qg5 Qxg5 26. Bxg5 Bxe1 27. Bxd8
Nc6 28. Bc7 Nb4 29. Bxa4 Nd3 30. Bd7 Bxf2+ 31. Kf1 Bc5 32. Nd6 Bxd6 33. Bxd6
Nxb2 34. e6 fxe6 35. Bxe6+ Kh8 36. Ke2 Na4 37. g4 h6 38. h4 g6 39. g5 hxg5 40.
hxg5 Kg7 41. Be5+ Kf8 42. Bd4 Ke7 43. Bb3 Bc6 44. Ke3 Kd6 45. Bf7 Nc5 46. Bxc5+
Kxc5 47. Bxg6 Bd5 48. Bxe4 Bxe4 49. Kxe4 Kd6 50. Kf5 Ke7 51. Kg6 a5 52. Kh7 a4
53. g6 a3 54. g7 1/2-1/2

[Event "Madrid ch - Previa A"]
[Site "Madrid ESP"]
[Date "2008.11.04"]
[Round "2.4"]
[White "Ruiz Quevedo, Andres"]
[Black "Gabriel y Galan Acevedo, Jesus"]
[Result "0-1"]
[WhiteElo "1903"]
[BlackElo "2033"]
[PlyCount "106"]
[EventDate "2008.11.03"]
[EventRounds "9"]
[EventCountry "ESP"]
[Source "lmi"]
[SourceDate "2008.11.03"]

1. c4 Nf6 2. Nf3 g6 3. Nc3 c5 4. g3 Bg7 5. Bg2 O-O 6. O-O Nc6 7. Rb1 d5 8. cxd5
Nxd5 9. a3 e5 10. Nxd5 Qxd5 11. b4 Bf5 12. d3 e4 13. Nd2 Qd7 14. Nxe4 cxb4 15.
axb4 b6 16. Re1 Rac8 17. b5 Nd4 18. Ba3 Nxb5 19. Bxf8 Kxf8 20. Qa4 Nd4 21. Qxd7
Bxd7 22. e3 Nb5 23. Rec1 Nc3 24. Nxc3 Bxc3 25. Rb3 Ba5 26. Rxc8+ Bxc8 27. Bd5
Be6 28. Bxe6 fxe6 29. d4 Ke7 30. Kf1 Kd6 31. e4 Kc6 32. Ke2 a6 33. g4 b5 34.
Ra3 Kb6 35. f4 b4 36. Rb3 Kb5 37. Kd3 Bc7 38. f5 exf5 39. gxf5 gxf5 40. exf5 a5
41. f6 a4 42. Rb1 a3 43. f7 Bd6 44. Rf1 Bf8 45. Rf5+ Ka4 46. Kc2 b3+ 47. Kb1
a2+ 48. Kb2 Ba3+ 49. Ka1 Bb4 50. Rf3 Ka3 51. h3 Bf8 52. h4 Bg7 53. Rd3 Bxd4+
0-1

[Event "Madrid ch - Previa A"]
[Site "Madrid ESP"]
[Date "2008.11.04"]
[Round "2.5"]
[White "Rodriguez Bachiller, Luis"]
[Black "Andalon Gomez, Carlos J"]
[Result "0-1"]
[WhiteElo "1892"]
[BlackElo "2012"]
[PlyCount "102"]
[EventDate "2008.11.03"]
[EventRounds "9"]
[EventCountry "ESP"]
[Source "lmi"]
[SourceDate "2008.11.03"]

1. e4 e6 2. d4 d5 3. exd5 exd5 4. Nf3 Bg4 5. h3 Bh5 6. g4 Bg6 7. Bg2 Bd6 8. O-O
Ne7 9. Re1 O-O 10. Nc3 c6 11. Ne2 Qc7 12. Bg5 Nd7 13. Ng3 Rfe8 14. Nh4 f6 15.
Nxg6 Nxg6 16. Be3 Bxg3 17. fxg3 Qxg3 18. Qf3 Qxf3 19. Bxf3 Nb6 20. b3 Nc8 21.
c4 Nce7 22. Bd2 Rad8 23. Ba5 b6 24. Bc3 Nf4 25. Kh2 Neg6 26. Kg3 Kf7 27. Bd2
Ne6 28. cxd5 Nxd4 29. Rxe8 Kxe8 30. Re1+ Ne5 31. Be4 cxd5 32. Bxh7 Ndf3 33.
Bg6+ Kf8 34. Bb4+ Kg8 35. Re3 Nxg6 36. Kxf3 Ne5+ 37. Ke2 Kf7 38. Kd1 Kg6 39.
Be1 d4 40. Re4 Rd7 41. Bg3 Nd3 42. h4 Nc5 43. Re1 a5 44. Bf4 Nd3 45. Rf1 Kf7
46. Kd2 Nc5 47. Rc1 Ke6 48. Re1+ Kd5 49. g5 Ne4+ 50. Ke2 fxg5 51. Bxg5 Nxg5 0-1